Inferencia estadística (Registro nro. 5950)
[ vista simple ]
| 000 -LEADER | |
|---|---|
| fixed length control field | 01021 a2200241 4500 |
| 001 - CONTROL NUMBER | |
| control field | 55428 |
| 005 - DATE AND TIME OF LATEST TRANSACTION | |
| control field | 20260407155828.0 |
| 008 - FIXED-LENGTH DATA ELEMENTS--GENERAL INFORMATION | |
| fixed length control field | 260407a1972 arg spa d |
| 003 - CONTROL NUMBER IDENTIFIER | |
| control field | AR-UNSa-BCEJYS |
| 040 ## - CATALOGING SOURCE | |
| Original cataloging agency | AR-UNSa-BCEJYS |
| Language of cataloging | spa |
| Transcribing agency | AR-UNSa-BCEJYS |
| 080 ## - UNIVERSAL DECIMAL CLASSIFICATION NUMBER | |
| Universal Decimal Classification number | 519.22 |
| Common auxiliary subdivision | Teoría estadística. Modelos estadísticos. Estadística matemática en general<br/> |
| 041 ## - LANGUAGE CODE | |
| Language code of text/sound track or separate title | spa |
| 100 1# - MAIN ENTRY--PERSONAL NAME | |
| Personal name | Springer, Clifford H. |
| 245 10 - TITLE STATEMENT | |
| Title | Inferencia estadística |
| 264 #1 - PRODUCTION, PUBLICATION, DISTRIBUTION, MANUFACTURE, AND COPYRIGHT NOTICE | |
| Place of production, publication, distribution, manufacture | México : |
| Name of producer, publisher, distributor, manufacturer | Unión Tipográfica Editorial Hispano-Americana (UTEHA) |
| Date of production, publication, distribution, manufacture, or copyright notice | 1972 |
| 300 ## - PHYSICAL DESCRIPTION | |
| Extent | x, 414 p. |
| Dimensions | 23 cm. |
| 505 ## - FORMATTED CONTENTS NOTE | |
| Formatted contents note | 1. Más allá de la Aritmética - 2. Ideas básicas de probabilidad - 3. Poblaciones estadísticas - 4. Más Poblaciones estadísticas - 5. Principios del muestreo - 6. Estimación estadística - 7. Deducción de conclusiones estadísticas - 8. Toma de decisiones estadísticas |
| 590 ## - LOCAL NOTE (RLIN) | |
| Local note | niveau_biblio:m niveau_hierar:0 |
| 700 1# - ADDED ENTRY--PERSONAL NAME | |
| Personal name | Herlihy, Robert E. |
| 700 1# - ADDED ENTRY--PERSONAL NAME | |
| Personal name | Mall, Robert T. |
| 700 1# - ADDED ENTRY--PERSONAL NAME | |
| Personal name | Beggs, Robert I. |
| 942 ## - ADDED ENTRY ELEMENTS (KOHA) | |
| Koha item type | |
| Withdrawn status | Lost status | Damaged status | Not for loan | Home library | Current library | Shelving location | Date acquired | Total checkouts | Full call number | Barcode | Date last seen | Price effective from | Koha item type |
|---|---|---|---|---|---|---|---|---|---|---|---|---|---|
| Biblioteca Prof. Eusebio Cleto del Rey | Biblioteca Prof. Eusebio Cleto del Rey | 07/04/2026 | 519.22 S769 | L25060 | 07/04/2026 | 07/04/2026 | Libro |